Alfa revista de linguística.
| Corporate Authors: | , |
|---|---|
| Format: | Electronic Serial |
| Language: | Portuguese English French German |
| Published: |
[Marília, Brasil] :
FFCL de Marília, Departamento de Letras,
1962-
São Paulo : UNESP |
| Subjects: | |
| Online Access: | Full text available from Research Library: 01/01/2014 to present |
MARC
| LEADER | 00000nas a2200000 i 4500 | ||
|---|---|---|---|
| 001 | ssj0018912 | ||
| 003 | WaSeSS | ||
| 005 | 20200512172242.0 | ||
| 006 | m d | ||
| 007 | cr n | ||
| 008 | 050614c19629999bl ar s 0 0por c | ||
| 010 | |a 2014240230 | ||
| 022 | |a 1981-5794 |l 0002-5216 |y 0002-5216 | ||
| 035 | |a (WaSeSS)ssj0018912 | ||
| 040 | |a OCLCS |b eng |e pn |c OCLCS |d OCLCQ |d BUF |d OCLCQ |d ZCU |d OCLCQ |d OCLCA |d OCLCQ |d OCLCF |d OCLCO |d IXA |d OCLCO |d OCLCA |d WaSeSS | ||
| 041 | 0 | |a por |a eng |a fre |a ger | |
| 042 | |a pcc | ||
| 043 | |a s-bl--- | ||
| 130 | 0 | |a Alfa (Marília, Brazil) | |
| 245 | 1 | 0 | |a Alfa |h [electronic resource] : |b revista de linguística. |
| 260 | |3 1962-1977: |a [Marília, Brasil] : |b FFCL de Marília, Departamento de Letras, |c 1962- | ||
| 260 | 3 | |3 1980- : |a São Paulo : |b UNESP | |
| 310 | |a Annual | ||
| 362 | 1 | |a Began with 1 (1962). | |
| 506 | |a License restrictions may limit access. | ||
| 515 | |a Suspended during 1978 and 1979. | ||
| 546 | |a Chiefly Portuguese with some English, French and German; summaries in English and Portuguese, <1993-> | ||
| 588 | |a Latest issue consulted: Vol. 53 (1) (2009) (publisher's Web site, viewed Sept. 8, 2009). | ||
| 588 | |a Description based on: 1 (1962); title from PDF cover (publisher's Web site, viewed Apr. 24, 2014). | ||
| 588 | |a Latest issue consulted: V. 58, n. 1 (2014) (viewed Apr. 24, 2014). | ||
| 650 | 0 | |a Literature |x History and criticism |v Periodicals. | |
| 650 | 0 | |a Brazilian literature |x History and criticism |v Periodicals. | |
| 650 | 0 | |a Language and languages |v Periodicals. | |
| 650 | 0 | |a Linguistics |z Brazil |v Periodicals. | |
| 650 | 0 | |a Portuguese language |v Periodicals. | |
| 650 | 0 | |a Portuguese language |z Brazil |v Periodicals. | |
| 650 | 0 | |a Education |z Brazil |v Periodicals. | |
| 650 | 7 | |a Brazilian literature. |2 fast |0 (OCoLC)fst00838112 | |
| 650 | 7 | |a Education. |2 fast |0 (OCoLC)fst00902499 | |
| 650 | 7 | |a Language and languages. |2 fast |0 (OCoLC)fst00992154 | |
| 650 | 7 | |a Linguistics. |2 fast |0 (OCoLC)fst00999202 | |
| 650 | 7 | |a Literature. |2 fast |0 (OCoLC)fst00999953 | |
| 650 | 7 | |a Portuguese language. |2 fast |0 (OCoLC)fst01072441 | |
| 651 | 7 | |a Brazil. |2 fast |0 (OCoLC)fst01206830 | |
| 655 | 0 | |a Electronic journals. | |
| 710 | 2 | |a Faculdade de Filosofia, Ciências e Letras de Marília. |b Departamento de Letras. | |
| 710 | 2 | |a Universidade Estadual Paulista. | |
| 776 | 0 | 8 | |i Print version: |t Alfa |x 0002-5216 |w (DLC) 65051839 |w (OCoLC)1609843 |
| 856 | 4 | 0 | |z Full text available from Research Library: 01/01/2014 to present |u https://search.proquest.com/publication/2032744 |